Loading...
The wheel of fire: interpretations of Shakespearian tragedy with three new essays/
| Main Author: | |
|---|---|
| Format: | Printed Book |
| Language: | English |
| Published: |
London:
Melhuen & Co.,
1930.
|
| LEADER | 00514nam a2200121Ia 4500 | ||
|---|---|---|---|
| 008 | 111205s9999 xx 000 0 eng d | ||
| 100 | |a Knight ,G Wilson | ||
| 245 | |a The wheel of fire: |c Knight ,G Wilson |b interpretations of Shakespearian tragedy with three new essays/ | ||
| 260 | |b Melhuen & Co., |a London: |c 1930. | ||
| 300 | |a 343p. | ||
| 942 | |c BK |2 ddc | ||
| 999 | |c 215822 |d 215822 | ||
| 952 | |0 0 |1 0 |4 0 |6 E_822_090000000000000_KNI_W |7 0 |9 238613 |a MAL |b MAL |c ST1 |d 2011-12-05 |g 1.00 |l 0 |o E 822.09 KNI/W |p MAL11482 |r 2015-04-13 |v 1.00 |w 2018-08-20 |y BK | ||